| 000 | 00679nam a2200229 a 4500 | ||
|---|---|---|---|
| 999 |
_c8610 _d8610 |
||
| 001 | 8610 | ||
| 003 | BD - JhCC | ||
| 005 | 20180920130827.0 | ||
| 008 | 880808s19671922enk 000 0 eng d | ||
| 035 | _a(BD - JhCC)8610 | ||
| 035 | _a(OCoLC)5380606 | ||
| 040 |
_aHDC _cHDC _dm.c _dBD - JhCC |
||
| 041 | _aeng | ||
| 082 |
_bAND 1922 _a813.52 |
||
| 100 | 1 |
_aAnderson, Sherwood, _d1876-1941. |
|
| 245 | 1 | 0 |
_aWinesburg, Ohio / _cIntroduction by Malcolm Cowley |
| 250 | _a[New edition, with introduction by Malcolm Cowley. Reissued in Great Britain 1967.] | ||
| 260 |
_aLondon : _bJonathan Cape, _c[1967, c1922] |
||
| 300 |
_a247 p. ; _c21 cm |
||
| 942 |
_2ddc _cBK |
||